[Event "HUN-chT2 Charousek 1819"]
[Site "Hungary"]
[Date "2019.04.28"]
[Round "11.10"]
[White "Parragi, Istvan"]
[Black "Balsai, Nikolett"]
[Result "0-1"]
[WhiteElo "2038"]
[BlackElo "2042"]
[PlyCount "76"]
[EventDate "2018.09.23"]
[EventType "team-tourn"]
[EventRounds "11"]
[EventCountry "HUN"]
[SourceTitle "EXT 2021"]
[Source "ChessBase"]
[SourceDate "2020.10.23"]
[SourceVersion "1"]
[SourceVersionDate "2020.10.23"]
[SourceQuality "1"]
[WhiteTeam "Szentgotthard Alsoszolnok"]
[BlackTeam "Aquaprofit Nagykanizsa II"]
[WhiteTeamCountry "HUN"]
[BlackTeamCountry "HUN"]

1. e4 c5 2. Nf3 Nc6 3. d4 cxd4 4. Nxd4 e5 5. Nb5 d6 6. N1c3 a6 7. Na3 b5 8. Nd5 Nge7 9. Bg5 Nd4 10. c3 Ne6 11. Bxb5+ axb5 12. Nxb5 Ra6 13. a4 Qd7 14. Nb4 Nxg5 15. Nxa6 Bxa6 16. Nxd6+ Kd8 17. Qd2 Kc7 18. Rd1 Ng6 19. Nb5+ Bxb5 20. Qxg5 Bd3 21. Qe3 Nf4 22. Qa7+ Kc6 23. Qxd7+ Kxd7 24. g3 Ng2+ 25. Kd2 Bxe4 26. Ke2+ Kc7 27. f3 Bb7 28. Kf2 e4 29. fxe4 Bxe4 30. b4 Be7 31. Rd4 f5 32. Rc4+ Kb7 33. Rd1 Rd8 34. Rxd8 Bxd8 35. a5 Bg5 36. h4 Be3+ 37. Ke2 Bd5 38. a6+ Kb8 0-1

[Event "HUN-chT2 Charousek 1819"]
[Site "Hungary"]
[Date "2019.03.10"]
[Round "9.11"]
[White "Marton, Jozsef"]
[Black "Parragi, Istvan"]
[Result "1/2-1/2"]
[WhiteElo "2060"]
[BlackElo "2038"]
[PlyCount "99"]
[EventDate "2018.09.23"]
[EventType "team-tourn"]
[EventRounds "11"]
[EventCountry "HUN"]
[SourceTitle "EXT 2021"]
[Source "ChessBase"]
[SourceDate "2020.10.23"]
[SourceVersion "1"]
[SourceVersionDate "2020.10.23"]
[SourceQuality "1"]
[WhiteTeam "Tapolca Varosi"]
[BlackTeam "Szentgotthard Alsoszolnok"]
[WhiteTeamCountry "HUN"]
[BlackTeamCountry "HUN"]

1. Nf3 c5 2. c4 Nf6 3. g3 b6 4. Bg2 Bb7 5. 0-0 g6 6. b3 Bg7 7. Bb2 0-0 8. Nc3 d6 9. d3 Nbd7 10. Qc2 Bxf3 11. Bxf3 Rb8 12. Rad1 Ne8 13. e3 a6 14. a4 Nc7 15. Ra1 Ne5 16. Bg2 Qd7 17. d4 Nc6 18. Bxc6 Qxc6 19. d5 Qb7 20. Ra2 b5 21. axb5 axb5 22. cxb5 Nxd5 23. Nxd5 Qxd5 24. Bxg7 Kxg7 25. Qc4 Qb7 26. Ra5 Qd7 27. Rfa1 Rb7 28. b4 Rc8 29. Qc3+ f6 30. bxc5 Rxc5 31. Qd4 Rcxb5 32. Rxb5 Qxb5 33. h4 Qe5 34. Qa4 Rb4 35. Qxb4 Qxa1+ 36. Kg2 Qe5 37. Qa4 h5 38. Qe8 Qd5+ 39. Kg1 Qf7 40. Qd7 d5 41. Qd8 g5 42. Kf1 gxh4 43. gxh4 Kg6 44. Qc7 Qe6 45. Qd8 Kh7 46. Ke1 Qe4 47. Kf1 Qxh4 48. Qxd5 Kg7 49. Qc5 Qh3+ 50. Ke1 1/2-1/2

[Event "HUN-chT2 Szechenyi 1617"]
[Site "Hungary"]
[Date "2017.02.12"]
[Round "8.1"]
[White "Finszter, Mate"]
[Black "Parragi, Istvan"]
[Result "1-0"]
[WhiteElo "2239"]
[BlackElo "2020"]
[PlyCount "169"]
[EventDate "2016.09.25"]
[EventType "team-tourn"]
[EventRounds "11"]
[EventCountry "HUN"]
[SourceTitle "EXT 2021"]
[Source "ChessBase"]
[SourceDate "2020.10.23"]
[SourceVersion "1"]
[SourceVersionDate "2020.10.23"]
[SourceQuality "1"]
[WhiteTeam "Gyor Szechenyi"]
[BlackTeam "Lovo"]
[WhiteTeamCountry "HUN"]
[BlackTeamCountry "HUN"]

1. d4 Nf6 2. Bg5 d5 3. e3 e6 4. Nd2 Be7 5. Bd3 Nbd7 6. f4 c5 7. c3 b6 8. Qf3 Bb7 9. Ne2 Rc8 10. Qg3 Qc7 11. Qh4 Nf8 12. 0-0 Ng8 13. Qh3 f6 14. Bh4 Nh6 15. Rae1 c4 16. Bc2 f5 17. Bxe7 Qxe7 18. Ra1 Ng6 19. b3 cxb3 20. axb3 a5 21. Bd3 0-0 22. Nf3 Ng4 23. Ne5 N6xe5 24. fxe5 Rc7 25. Qg3 Nh6 26. Rfc1 Rfc8 27. Ra2 Bc6 28. Nf4 Be8 29. c4 Kh8 30. Rac2 dxc4 31. bxc4 g5 32. Ne2 Ba4 33. Rc3 Nf7 34. Qe1 Qd7 35. Qd2 Bc6 36. Rb1 Rb7 37. Qb2 Kg7 38. Qd2 Rcb8 39. Ng3 f4 40. Nh5+ Kh6 41. Nf6 Qd8 42. Qf2 fxe3 43. Qxe3 Kg7 44. Bxh7 b5 45. Qd3 bxc4 46. Qg6+ Kf8 47. Rd1 Rb2 48. Bg8 Rxg2+ 49. Kf1 Qe7 50. d5 Rbb2 51. Rf3 Rxh2 52. Nh7+ Ke8 53. Bxf7+ Kd8 54. dxc6+ Kc7 55. Qh5 Rxh5 56. Bxh5 Kxc6 57. Rd6+ Kc5 58. Rf7 Qxd6 59. exd6 Kxd6 60. Nxg5 Rb5 61. Ne4+ Ke5 62. Bf3 Kd4 63. Nf2 Rb1+ 64. Ke2 Rb2+ 65. Ke1 c3 66. Rd7+ Kc4 67. Rc7+ Kb3 68. Rb7+ Ka3 69. Nd3 Rd2 70. Nc1 Rb2 71. Rc7 Rc2 72. Ne2 Kb2 73. Be4 Rd2 74. Rb7+ Ka3 75. Nxc3 Rh2 76. Bd3 Rb2 77. Re7 Rb6 78. Kd2 Rb2+ 79. Bc2 Rb6 80. Rh7 Rd6+ 81. Bd3 Rb6 82. Rh4 Rb4 83. Rh1 Rb2+ 84. Bc2 Rb8 85. Ra1+ 1-0

[Event "HUN-chT2 Szechenyi 1516"]
[Site "Hungary"]
[Date "2016.02.28"]
[Round "8.7"]
[White "Parragi, Istvan"]
[Black "Margl, Roland"]
[Result "1-0"]
[WhiteElo "1960"]
[BlackElo "2119"]
[PlyCount "63"]
[EventDate "2015.09.13"]
[EventType "team-tourn"]
[EventRounds "11"]
[EventCountry "HUN"]
[SourceTitle "EXT 2017"]
[Source "ChessBase"]
[SourceDate "2016.10.25"]
[SourceVersion "1"]
[SourceVersionDate "2016.10.25"]
[SourceQuality "1"]
[WhiteTeam "Zala Volan"]
[BlackTeam "Ajka Banyasz"]
[WhiteTeamCountry "HUN"]
[BlackTeamCountry "HUN"]

1. e4 e5 2. Nf3 Nc6 3. Bb5 a6 4. Ba4 Nf6 5. 0-0 Be7 6. Qe2 b5 7. Bb3 d6 8. c3 0-0 9. h3 Na5 10. Bc2 c5 11. d4 Qc7 12. b3 Re8 13. d5 c4 14. b4 Nb7 15. a4 bxa4 16. Bxa4 Bd7 17. Bxd7 Nxd7 18. Na3 Nb6 19. Be3 Rec8 20. Nd2 a5 21. Bxb6 Qxb6 22. Naxc4 Qc7 23. Qe3 Bd8 24. b5 Qc5 25. g3 a4 26. Rfc1 Na5 27. Nxa5 Bxa5 28. Qd3 Bxc3 29. Ra2 Qd4 30. Qe2 Qa7 31. Rac2 Qa5 32. Qd3 1-0

[Event "HUN-chT2 Szechenyi 1516"]
[Site "Hungary"]
[Date "2015.10.04"]
[Round "2.7"]
[White "Parragi, Istvan"]
[Black "Varga, Tibor"]
[Result "1-0"]
[WhiteElo "1931"]
[BlackElo "2051"]
[PlyCount "107"]
[EventDate "2015.09.13"]
[EventType "team-tourn"]
[EventRounds "11"]
[EventCountry "HUN"]
[SourceTitle "CBM 170 Extra"]
[Source "ChessBase"]
[SourceDate "2016.02.25"]
[SourceVersion "1"]
[SourceVersionDate "2016.02.25"]
[SourceQuality "1"]
[WhiteTeam "Zala Volan"]
[BlackTeam "HVSE Infraplan"]
[WhiteTeamCountry "HUN"]
[BlackTeamCountry "HUN"]

1. e4 d6 2. d4 Nf6 3. Nc3 Nbd7 4. g3 e5 5. Bg2 Be7 6. Nge2 c6 7. a4 a5 8. 0-0 h5 9. h3 h4 10. g4 Nh7 11. f4 g5 12. dxe5 dxe5 13. f5 Qb6+ 14. Kh1 f6 15. b3 Kf7 16. Bd2 Rd8 17. Nc1 Nc5 18. Qe2 Qc7 19. Be3 b6 20. Qf2 Ba6 21. Rd1 Nf8 22. Rxd8 Rxd8 23. Bf1 Bxf1 24. Qxf1 Kg7 25. Qc4 Nfd7 26. N1e2 Nb8 27. Rd1 Nba6 28. Kg2 Nb4 29. Rc1 Nca6 30. Nd1 Rd6 31. Nf2 Qb7 32. Nc3 Nc7 33. Qe2 Rd8 34. Rd1 Kf8 35. Rxd8+ Bxd8 36. Ncd1 Ne8 37. c3 Na6 38. Nb2 b5 39. axb5 cxb5 40. c4 b4 41. c5 Nec7 42. Na4 Qb5 43. Qc2 Nb8 44. Nd3 Ke8 45. Ndb2 Nca6 46. Nc4 Be7 47. Qd3 Nc7 48. Kf2 Kf8 49. Ke2 Nba6 50. Ncb6 Qxd3+ 51. Kxd3 Nb8 52. Kc4 Ke8 53. Nd5 Nba6 54. Nab6 1-0

[Event "HUN-chT2 Charousek 1415"]
[Site "Hungary"]
[Date "2014.11.16"]
[Round "2"]
[White "Buzas, Bertalan"]
[Black "Parragi, Istvan"]
[Result "0-1"]
[WhiteElo "2124"]
[BlackElo "1867"]
[PlyCount "190"]
[EventDate "2014.10.12"]
[EventType "team-tourn"]
[EventRounds "9"]
[EventCountry "HUN"]
[SourceTitle "EXT 2016"]
[Source "ChessBase"]
[SourceDate "2015.10.08"]
[SourceVersion "1"]
[SourceVersionDate "2015.10.08"]
[SourceQuality "1"]
[WhiteTeam "Tapolca"]
[BlackTeam "SZASTE"]
[WhiteTeamCountry "HUN"]
[BlackTeamCountry "HUN"]

1. d4 e6 2. Nf3 Nf6 3. Bg5 d5 4. e3 Be7 5. Bd3 0-0 6. h4 Nbd7 7. Nbd2 b6 8. Bxf6 Nxf6 9. Ne5 Bb7 10. Qf3 c5 11. c3 Nd7 12. Qh5 Nf6 13. Qf3 Nd7 14. Nxd7 Qxd7 15. Qh5 f5 16. Nf3 Qe8 17. Qxe8 Raxe8 18. Ne5 Rd8 19. a3 c4 20. Bc2 b5 21. f4 a5 22. g4 Rd6 23. Kd2 Bc6 24. h5 Bd7 25. Rag1 Bc8 26. Rg2 Bf6 27. Rhg1 Kh8 28. Ng6+ hxg6 29. hxg6 Kg8 30. Rh2 Rfd8 31. g5 Bxg5 32. Rxg5 Kf8 33. b3 Ke7 34. b4 axb4 35. axb4 Ra6 36. Rh7 Kf6 37. Rh1 Bd7 38. Rh2 Raa8 39. Rh1 Rh8 40. Rgh5 Rxh5 41. Rxh5 Kxg6 42. Rg5+ Kf6 43. Rg1 Rh8 44. Rg5 Rh2+ 45. Kc1 Be8 46. Bd1 Bg6 47. Rg1 Bh5 48. Bxh5 Rxh5 49. Kd2 g5 50. fxg5+ Rxg5 51. Rh1 Rg2+ 52. Kd1 f4 53. Rf1 Rg4 54. exf4 Kf5 55. Re1 Rxf4 56. Re5+ Kf6 57. Kd2 Rf5 58. Re3 e5 59. dxe5+ Rxe5 60. Rf3+ Rf5 61. Re3 Rf4 62. Re8 d4 63. cxd4 Rxd4+ 64. Kc2 Rd6 65. Rb8 Rd5 66. Re8 Re5 67. Rd8 Kf5 68. Rd7 Ke4 69. Rd8 Rd5 70. Re8+ Kd4 71. Rh8 Re5 72. Rd8+ Rd5 73. Rh8 Rg5 74. Rd8+ Ke5 75. Re8+ Kd6 76. Rh8 Rg2+ 77. Kc1 Rg5 78. Kc2 Ke5 79. Rb8 Kd4 80. Rd8+ Rd5 81. Rh8 Re5 82. Rd8+ Ke4 83. Rh8 Rf5 84. Re8+ Kd5 85. Rd8+ Kc6 86. Rc8+ Kb7 87. Rh8 Rf2+ 88. Kc1 Kc6 89. Rc8+ Kd5 90. Rh8 c3 91. Rh4 Rd2 92. Rg4 Rd4 93. Rg3 Kc4 94. Kc2 Rd2+ 95. Kc1 Kxb4 0-1

[Event "Styrian op-B"]
[Site "Bad Gleichenberg"]
[Date "2014.07.12"]
[Round "8"]
[White "Parragi, Istvan"]
[Black "Morgunov, Daniel"]
[Result "0-1"]
[WhiteElo "1938"]
[BlackElo "1742"]
[PlyCount "48"]
[EventDate "2014.07.05"]
[EventType "swiss"]
[EventRounds "9"]
[EventCountry "AUT"]
[SourceTitle "EXT 2016"]
[Source "ChessBase"]
[SourceDate "2015.10.08"]
[SourceVersion "1"]
[SourceVersionDate "2015.10.08"]
[SourceQuality "1"]

1. a3 g6 2. d4 Bg7 3. e4 Nf6 4. Bd3 d6 5. Ne2 0-0 6. c4 Nbd7 7. Nbc3 e5 8. d5 Ne8 9. Ng3 Nc5 10. Bc2 f5 11. exf5 gxf5 12. Qh5 Qf6 13. Qe2 f4 14. Nge4 Nxe4 15. Nxe4 Qh4 16. Kd1 f3 17. gxf3 Rxf3 18. Be3 Bg4 19. Kc1 Rxe3 20. Qxe3 Bh6 21. Kb1 Bxe3 22. fxe3 Ng7 23. Rg1 Bf5 24. Ng5 Qf2 0-1

[Event "Styrian op-B"]
[Site "Bad Gleichenberg"]
[Date "2014.07.08"]
[Round "4"]
[White "Horvath, Dominik"]
[Black "Parragi, Istvan"]
[Result "0-1"]
[WhiteElo "1808"]
[BlackElo "1938"]
[PlyCount "58"]
[EventDate "2014.07.05"]
[EventType "swiss"]
[EventRounds "9"]
[EventCountry "AUT"]
[SourceTitle "EXT 2016"]
[Source "ChessBase"]
[SourceDate "2015.10.08"]
[SourceVersion "1"]
[SourceVersionDate "2015.10.08"]
[SourceQuality "1"]

1. e4 d5 2. exd5 Qxd5 3. Nc3 Qa5 4. d4 Nf6 5. Nf3 Bg4 6. h3 Bh5 7. g4 Bg6 8. Ne5 Nbd7 9. Nc4 Qa6 10. Bf4 Qe6+ 11. Qe2 Qxe2+ 12. Bxe2 c6 13. Na5 Nb6 14. Nxb7 Bxc2 15. Rc1 Bg6 16. d5 Nfxd5 17. Nxd5 Nxd5 18. Rxc6 e6 19. Nd6+ Kd7 20. Bb5 Nxf4 21. Nc4 Bb4+ 22. Kd1 Ke7 23. Rc7+ Kf6 24. g5+ Kxg5 25. Rg1+ Kh6 26. Ne5 Rhd8+ 27. Bd7 Bh5+ 28. Kc2 Bd6 29. Bxe6 Bxc7 0-1

[Event "HUN-chT2 Szechenyi 1213"]
[Site "Hungary"]
[Date "2013.04.21"]
[Round "11.9"]
[White "Parragi, Istvan"]
[Black "Kurcsics, Mate"]
[Result "1-0"]
[WhiteElo "1913"]
[BlackElo "1745"]
[PlyCount "145"]
[EventDate "2012.09.16"]
[EventType "team-tourn"]
[EventRounds "11"]
[EventCountry "HUN"]
[SourceTitle "EXT 2014"]
[Source "ChessBase"]
[SourceDate "2013.11.20"]
[SourceVersion "1"]
[SourceVersionDate "2013.11.20"]
[SourceQuality "1"]
[WhiteTeam "Zala Volan"]
[BlackTeam "Lovo"]
[WhiteTeamCountry "HUN"]
[BlackTeamCountry "HUN"]

1. e4 c5 2. Nf3 d6 3. d4 cxd4 4. Nxd4 Nc6 5. c4 g6 6. Nc3 Bg7 7. Be3 Nf6 8. Be2 0-0 9. 0-0 Bd7 10. Qd2 Ng4 11. Bxg4 Bxg4 12. f3 Bxd4 13. Bxd4 Nxd4 14. Qxd4 Be6 15. b3 Qc8 16. Kh1 Qc5 17. Qd2 a6 18. a4 Qb4 19. Rfb1 b5 20. axb5 axb5 21. cxb5 Rxa1 22. Rxa1 Rc8 23. Rc1 Qxb3 24. Qe3 Bd7 25. Nd5 Qxe3 26. Rxc8+ Bxc8 27. Nxe3 Kf8 28. Nc4 Ke8 29. Na5 Kd7 30. b6 Ba6 31. Kg1 f5 32. Kf2 f4 33. g3 g5 34. h4 h6 35. gxf4 gxf4 36. b7 Kc7 37. b8Q+ Kxb8 38. Nc6+ Kc7 39. Nxe7 Bc4 40. Ng6 Kd7 41. Nxf4 Ke7 42. Kg3 Kf6 43. Kg4 Bb3 44. Nh5+ Kg6 45. Ng3 Be6+ 46. Kf4 Kf6 47. Ke3 Kg6 48. f4 Kf6 49. Kd4 Ke7 50. f5 Bb3 51. e5 dxe5+ 52. Kxe5 Bd1 53. Ne4 Bc2 54. f6+ Kf7 55. Nd6+ Kf8 56. Nf5 h5 57. Nh6 Bd3 58. Kf4 Be2 59. Kg5 Bd1 60. Nf5 Be2 61. Ng3 Bd1 62. Nxh5 Kf7 63. Ng3 Bf3 64. h5 Bd1 65. h6 Bc2 66. Nf5 Kg8 67. Ne7+ Kf7 68. Nf5 Kg8 69. Kg6 Bb3 70. h7+ Kh8 71. Kh6 Bf7 72. Nd6 Bg6 73. f7 1-0

[Event "HUN-chT2 Szechenyi 1112"]
[Site "Hungary"]
[Date "2012.05.20"]
[Round "11.8"]
[White "Gyarmati, Janos"]
[Black "Parragi, Istvan"]
[Result "1/2-1/2"]
[WhiteElo "2056"]
[BlackElo "1750"]
[PlyCount "113"]
[EventDate "2011.09.25"]
[EventType "team-tourn"]
[EventRounds "11"]
[EventCountry "HUN"]
[SourceTitle "EXT 2013"]
[Source "ChessBase"]
[SourceDate "2012.11.22"]
[SourceVersion "1"]
[SourceVersionDate "2012.11.22"]
[SourceQuality "1"]
[WhiteTeam "Tapolca"]
[BlackTeam "Zalakaros"]
[WhiteTeamCountry "HUN"]
[BlackTeamCountry "HUN"]

1. e4 c5 2. Nf3 d6 3. Bb5+ Bd7 4. Bxd7+ Qxd7 5. 0-0 e6 6. Qe2 Nc6 7. Rd1 Rd8 8. h3 Nf6 9. a3 Be7 10. c4 0-0 11. Nc3 Ne5 12. d4 Nxf3+ 13. Qxf3 cxd4 14. Rxd4 Qc6 15. b3 Nd7 16. Bb2 Bf6 17. Rdd1 Nc5 18. Rab1 Bxc3 19. Qxc3 e5 20. f3 Qb6 21. Kf1 f5 22. exf5 Rxf5 23. Rd5 Ne4 24. Qe1 Nf6 25. Rd3 Qc6 26. Kg1 Rf8 27. Rbd1 Ne8 28. Qe3 a6 29. a4 R8f6 30. Ba3 Rg6 31. Qe4 Qc8 32. R1d2 Rff6 33. Kf1 Qc6 34. Qd5+ Kh8 35. c5 dxc5 36. Bxc5 e4 37. Qxc6 bxc6 38. Re3 Re6 39. fxe4 h5 40. Rd8 Kh7 41. e5 Rg5 42. Bd4 c5 43. Bxc5 Rgxe5 44. Rxe5 Rxe5 45. b4 Nc7 46. Rc8 Nd5 47. b5 axb5 48. axb5 Rf5+ 49. Kg1 Rf7 50. Rd8 Nc3 51. b6 Rb7 52. Be3 Kg6 53. Kf2 Kf7 54. Bd4 Nb5 55. Bc5 Nc3 56. Ke3 Na4 57. Rf8+ 1/2-1/2

[Event "HUN-chT2 Szechenyi 1112"]
[Site "Hungary"]
[Date "2011.11.27"]
[Round "4.6"]
[White "Babos, Zsolt"]
[Black "Parragi, Istvan"]
[Result "0-1"]
[WhiteElo "1938"]
[BlackElo "1750"]
[PlyCount "94"]
[EventDate "2011.09.25"]
[EventType "team-tourn"]
[EventRounds "11"]
[EventCountry "HUN"]
[SourceTitle "EXT 2013"]
[Source "ChessBase"]
[SourceDate "2012.11.22"]
[SourceVersion "1"]
[SourceVersionDate "2012.11.22"]
[SourceQuality "1"]
[WhiteTeam "Haladas"]
[BlackTeam "Zalakaros"]
[WhiteTeamCountry "HUN"]
[BlackTeamCountry "HUN"]

1. d4 Nf6 2. c4 c5 3. d5 b5 4. a4 bxc4 5. Nc3 d6 6. e4 Ba6 7. Nf3 Nbd7 8. Qc2 g6 9. Nb5 Bg7 10. Bxc4 Qc8 11. Qe2 Bxb5 12. axb5 Nb6 13. Nd2 Nfd7 14. Ra3 Nxc4 15. Qxc4 0-0 16. 0-0 Qb7 17. Nb1 Rfb8 18. Ra5 Ne5 19. Qa2 Nd3 20. Nc3 Nb4 21. Qa4 a6 22. bxa6 Rxa6 23. Rxa6 Qxa6 24. Qd7 Qb7 25. Qh3 Qa6 26. Qd7 Qb7 27. Qh3 Qa7 28. Qe3 Qa6 29. Rd1 Na2 30. Qd2 Nxc3 31. bxc3 Qc4 32. Qe3 Rb1 33. Rf1 Bxc3 34. Qh3 Rb8 35. Bg5 Bf6 36. Bxf6 exf6 37. Qd7 Qa6 38. Qc7 Qb6 39. Qe7 Kg7 40. f4 Rb7 41. Qe8 c4+ 42. Kh1 Qd4 43. h4 Rb2 44. Qe7 Qd2 45. Rg1 Qxf4 46. Ra1 Qxh4+ 47. Kg1 Qf2+ 0-1

[Event "HUN-chT2 Szechenyi 1112"]
[Site "Hungary"]
[Date "2011.11.13"]
[Round "3.9"]
[White "Schleinig, Pal"]
[Black "Parragi, Istvan"]
[Result "1-0"]
[WhiteElo "1996"]
[BlackElo "1750"]
[PlyCount "53"]
[EventDate "2011.09.25"]
[EventType "team-tourn"]
[EventRounds "11"]
[EventCountry "HUN"]
[SourceTitle "EXT 2013"]
[Source "ChessBase"]
[SourceDate "2012.11.22"]
[SourceVersion "1"]
[SourceVersionDate "2012.11.22"]
[SourceQuality "1"]
[WhiteTeam "Keszthely"]
[BlackTeam "Zalakaros"]
[WhiteTeamCountry "HUN"]
[BlackTeamCountry "HUN"]

1. e4 c5 2. f4 Nc6 3. d3 g6 4. c3 d5 5. Qc2 Bg7 6. Nf3 e5 7. Be2 Nge7 8. 0-0 0-0 9. Be3 b6 10. Kh1 Bb7 11. Ng5 h6 12. Nh3 Qd7 13. Nd2 dxe4 14. dxe4 exf4 15. Nxf4 Rac8 16. Rad1 Rfd8 17. Nc4 Qe8 18. Nd6 Rxd6 19. Rxd6 Nf5 20. exf5 Qxe3 21. fxg6 Ne5 22. gxf7+ Kh8 23. Re6 Be4 24. Re8+ Bf8 25. Rxe5 Bxg2+ 26. Kxg2 Qxe5 27. Ng6+ 1-0